000 00872nam a22002777a 4500
003 CHAP
005 20220329141655.0
008 971013s r 00010 d
010 _a71993
011 _a72965
035 _a82522
040 _cCHAP
090 _aR-1743
110 _aBanco Nacional de Comercio Exterior. México
_99867
245 _aIntercambio comercial México-Nicaaragua
500 _aSobretiro de Comercio Exterior 29(11): 1287-1296, 1979
590 _aBATCH-UPD
_b10
_c20130110
_lUCH01
_h0518
590 _aBATCH-UPD
_b10
_c20130410
_lUCH01
_h0156
590 _aBATCH-UPD
_b10
_c20130914
_lUCH01
_h1823
590 _aCONVERSION
_b10
_c20130109
_lUCH01
_h1339
650 1 4 _aMéxico
_xComercio
_xNicaragua.
_976701
650 1 4 _aNicaragua
_xComercio
_xMéxico.
_981128
901 _aBK
942 _cREIMP
949 _aR-1743
_bBC
_cR
_d-36625
_eTS1
_i82522
_si
999 _c71993
_d71993